The Alps fron end to end

Сохранить в:
Библиографические подробности
Главный автор: Conway, William Martin (Автор)
Формат:
Язык:английский
Опубликовано: Edimburgo Archibald Constable and Co 1895
Редактирование:3a. ed
Предметы:
Метки: Добавить метку
Нет меток, Требуется 1-ая метка записи!

MARC

LEADER 00000nam a2200000 a 4500
001 UCJ5592
003 CL-VaPUC
008 070124e18950000UK |||||||||||||||||eng|d
082 0 4 |a 910.4  |b CON  |2 21 
100 0 |a Conway, William Martin  |e author  |9 510952 
245 1 4 |a The Alps fron end to end 
250 |a 3a. ed 
300 |a xii, 403 p 
942 |c BK 
945 |d 20070124 00:00:00  |a rinostro 
260 |a Edimburgo  |b Archibald Constable and Co  |c 1895 
500 |a Front., escena alpina de ascensión; portada, viñeta, ídem; ilustraciones completas y de acuerdo con lo señalado en el índice 
650 7 |a MONTAÑISMO  |2 CL-VaPUC  |9 384709 
650 7 |a DEPORTES DE INVIERNO  |2 CL-VaPUC  |9 341528 
650 0 |a Geografía  |9 259346 
650 0 |a Historia  |9 255047 
650 0 |a Ilustraciones  |9 369481 
651 7 |a CHAMONIX  |2 CL-VaPUC  |9 510953 
651 7 |a MONT BLANC  |2 CL-VaPUC  |9 510954 
583 |a last modification  |c 20130608 04:55:48  |k Rodrigo Vera 
999 |c 321701  |d 321699 
952 |0 0  |1 0  |4 0  |6 910_400000000000000_CON_1895  |7 0  |8 X  |9 400519  |a FDOBUD  |b FDOBUD  |d 2019-11-22  |i 1036807  |o 910.4 CON 1895  |p 1036807  |r 2019-11-22  |w 2019-11-22  |y BK_X  |k BUD